header

Mastering Windows 8 C++ app development (Record no. 25576)

MARC details
000 -LEADER
fixed length control field 01295nam a2200313 a 4500
100 1# - MAIN ENTRY--AUTHOR NAME
Personal name Yosifovich, Pavel.
245 10 - TITLE STATEMENT
Title Mastering Windows 8 C++ app development
260 ## - PUBLICATION, DISTRIBUTION, ETC. (IMPRINT)
Place of publication Birmingham, U.K. :
Name of publisher Packt Pub.,
Year of publication 2013.
300 ## - PHYSICAL DESCRIPTION
Number of Pages vi, 285 p. :
Other physical details ill. (some col.).
490 0# - SERIES STATEMENT
Series statement Community experience distilled
500 ## - GENERAL NOTE
General note Includes index.
650 #0 - SUBJECT ADDED ENTRY--TOPICAL TERM
Topical Term Operating systems (Computers)
Topical Term Application software
856 40 - ELECTRONIC LOCATION AND ACCESS
Uniform Resource Identifier http://site.ebrary.com/lib/rucke/Doc?id=10690574

No items available.

© 2026 Rongo University
Contact us: librarian | system librarian | Rongo university